Reklama z hľadiska zákona o DPH
Problematika odpočítania dane na vstupe, uplatnenej dodávateľom reklamnej služby od celkovej dane na výstupe v príslušnom zdaňovacom období. Daň na vstupe je s účinnosťou od 1. januára 2003 definovaná ( v par. 2 ods. 6 písm. f) zákona o DPH ako daň, ktorú voči platiteľovi dane, príjemcovi zdaniteľné...
Uložené v:
| Hlavný autor: | |
|---|---|
| Médium: | Kapitola |
| Jazyk: | Slovak |
| Predmet: | |
| Tagy: |
Žiadne tagy, Buďte prvý, kto otaguje tento záznam!
|
MARC
| LEADER | 00000naa a2200000 4500 | ||
|---|---|---|---|
| 001 | r047303 | ||
| 005 | 20231003090113.3 | ||
| 041 | 0 | |a slo | |
| 044 | |a SK | ||
| 245 | 1 | 0 | |a Reklama z hľadiska zákona o DPH |c Zdenka Jablonková |
| 520 | |a Problematika odpočítania dane na vstupe, uplatnenej dodávateľom reklamnej služby od celkovej dane na výstupe v príslušnom zdaňovacom období. Daň na vstupe je s účinnosťou od 1. januára 2003 definovaná ( v par. 2 ods. 6 písm. f) zákona o DPH ako daň, ktorú voči platiteľovi dane, príjemcovi zdaniteľného plnenia, v súlade so zákonom o DPH uplatnil iný platiteľ dane. Praktické príklady. Pracovný list - reklama a DPH. | ||
| 610 | 2 | 0 | |a reklama |
| 610 | 2 | 0 | |a služby |
| 610 | 2 | 0 | |a odpočet dane |
| 610 | 2 | 0 | |a dane z hodnoty pridanej |
| 100 | 1 | |a Jablonková, Zdenka | |